000 01378nam a2200325 a 4500
001 000113524
003 CHAP
005 20220329144359.0
008 170731s2016 mx sm |||||||spa d
010 _a109985
011 _a110957
040 _cCHAP
090 _aTesis
100 1 _aVelázquez Rincón, Feliciano
_9132871
245 1 0 _aPrácticas organizativas y de participación de los jóvenes en la vida comunitaria:
_h[En línea]
_buna mirada en torno a la (RE) configuración del desarrollo en Santa Catarina del Monte, Texcoco /
_cpor Feliciano Velázquez Rincón.
260 _aChapingo, Méx. :
_bEl autor,
_c2016.
500 _aPara ver el contenido del material haga clic en la liga
502 _aTesis (M.C. en Desarrollo Rural Regional) -- UACH. Dirección de Centros Regionales Universitarios
590 _aBATCH-UPD
_b05
_c20170731
_lUCH01
_h0826
590 _aE11695DGD
_b10
_c20170801
_lUCH01
_h0855
590 _aE5765TAJ
_b05
_c20170731
_lUCH01
_h0825
590 _aE5765TAJ
_b05
_c20170731
_lUCH01
_h0826
650 1 4 _aDesarrollo de la comunidad rural
_zMéxico (Edo.).
_932042
650 1 4 _aJovenes en comunidades rurales.
_9132872
650 1 4 _aParticipación de la juventud
_xSanta Catarina del Monte, Texcoco.
_9132873
856 _aFinding aid
_uhttp://10.13.5.2/tesis/sist113524.pdf
_zTeclea aquí
901 _aBK
942 _cTESIS
942 _n0
999 _c109985
_d109985